Prova Digital no Processo Penal

Bibliographic Details
Main Author: Kist, Dario Još
Format: eBook
Language:Portuguese
Published: San Pablo: JH Mizuno, 2019
Subjects:
Online Access:Acceso restringido

MARC

LEADER 00000nam a22000007a 4500
005 20190806231246.0
007 cr|||| |||
008 190806s2019 br |||||s|||| 00||0 por d
020 |a 978-85-7789-430-7 
035 |a 23858 
040 |a vLex 
090 |c 9109  |d 9109 
100 1 |a Kist, Dario Još 
245 1 0 |a Prova Digital no Processo Penal  |h [Recurso electrn̤ico] /  |c Dario Jos ̌Kist 
256 |a Servicio en ln̕ea 
260 |a San Pablo:  |b JH Mizuno,  |c 2019 
300 |a 1 recurso electrn̤ico 
500 |a A temt̀ica desenvolvida neste trabalho ̌a prova digital no Processo Penal; em linhas gerais, trata-se de discussô sobre os impactos das tecnologias de comunicaȯ̂ e de informaȯ̂ neste ramo da cin̊cia jurd̕ica, em especial no campo probatr̤io. Inicia com a identificaȯ̂ da assim chamada era digital, em que a informaȯ̂ ̌um importante combustv̕el da economia e a telecomunicaȯ̂ entre as pessoas ̌feita por meio de ferramentas que se movem no ciberespaȯ, criado pela Internet e ambiente no qual boa parcela da humanidade desenvolve atividades cotidianas, e onde tambm̌ sô praticadas infraė̳s penais, que constituem a cibercriminalidade. Tendo por pressupostas essas duas realidades – a era digital e a cibercriminalidade – ̌que o estudo foca o campo probatr̤io, para conceituar, identificar e caracterizar a prova digital, alm̌ de estudar os meios de obtenȯ̂ desta espčie de prova, tendo como parḿetro as disposiė̳s constantes na Convenȯ̂ de Budapeste, de 2001, abordagem que ̌conclud̕a com a anl̀ise da legislaȯ̂ brasileira, especificamente para definir quais deles sô por ela contemplados. Ainda sô avaliados os direitos fundamentais passv̕eis de afetaȯ̂ no ḿbito da produȯ̂ da prova digital e, por fim, o estudo ̌centrado na comunicaȯ̂ por meio do aplicativo WhatsApp como meio de prova no Processo Penal brasileiro. 
506 1 |a Disponible solo en los productos indicados  |d vLex Global  |d vLex Global (Academic Edition, excluding Law Schools)  |d vLex Global (U.S. Academic Edition, Law Schools)  |d vLex Global (U.S. Academic Edition, excluding Law Schools)  |d vLex Global (Academic Edition, Law Schools) 
650 0 4 |a Derecho Penal  |z Brasil 
650 0 4 |a Procedimiento Penal  |z Brasil 
740 0 |a vLex Libros (Servicio en ln̕ea) 
856 4 0 |u http://vlex.com/source/prova-digital-no-processo-penal-23858  |z Acceso restringido 
942 |c BOOK 
999 0 |a Criminal Law 
999 0 |a Criminal Procedure